UNIX network management tools /

Uloženo v:
Podrobná bibliografie
Hlavní autor: Maxwell, Steven.
Médium: Kniha
Jazyk:English
Vydáno: New York : McGraw-Hill, 1999.
Témata:
Tagy: Přidat tag
Žádné tagy, Buďte první, kdo otaguje tento záznam!
Thư viện lưu trữ: Mạng thư viện Đại học Đà Nẵng
LEADER 00868cam a2200349 i 4500
001 000045698
003 4893
005 20030228164246.0
008 010220|1999 vm 000 eng
020 |a 0079137822 
040 |a IRC  |c IRC  |d IRC 
041 0 |a eng 
082 1 4 |a 005.712768  |b MA-S 
100 1 |a Maxwell, Steven. 
245 0 0 |a UNIX network management tools /  |c Steven Maxwell. 
260 |a New York :  |b McGraw-Hill,  |c 1999. 
300 |a xviii, 349p. :  |b ill. 
630 0 4 |a UNIX. 
630 0 4 |a Network. 
630 0 4 |a UNIX network. 
650 0 4 |a UNIX (Computer file) 
650 0 4 |a Computer networks  |x Management. 
OWN |a DUT 
999 |a From the UDN01 
TYP |a Monograph 
TYP |a Printed language 
980 |a Mạng thư viện Đại học Đà Nẵng